<?xml version="1.0" encoding="UTF-8"?>
<collection xmlns="http://www.loc.gov/MARC21/slim">
 <record>
  <leader>00555pamaa2200169   4500</leader>
  <controlfield tag="001">0000024413</controlfield>
  <controlfield tag="005">20061229090000.0</controlfield>
  <datafield tag="020" ind1="0" ind2="0">
   <subfield code="a">0226660958 </subfield>
  </datafield>
  <datafield tag="082" ind1=" " ind2=" ">
   <subfield code="a">305.420924 PER</subfield>
  </datafield>
  <datafield tag="090" ind1="0" ind2="0">
   <subfield code="a">HQ1595.A7 </subfield>
   <subfield code="b">PER 1986</subfield>
  </datafield>
  <datafield tag="100" ind1="1" ind2="0">
   <subfield code="a">PERRY </subfield>
  </datafield>
  <datafield tag="245" ind1="1" ind2="4">
   <subfield code="a">The celebrated Mary Astell : </subfield>
   <subfield code="b">an early English feminist  </subfield>
   <subfield code="c">Ruth Terry.</subfield>
  </datafield>
  <datafield tag="260" ind1="0" ind2="0">
   <subfield code="a">London: </subfield>
   <subfield code="b">The University of Chicago Press, </subfield>
   <subfield code="c">1986.</subfield>
  </datafield>
  <datafield tag="300" ind1=" " ind2=" ">
   <subfield code="a">540p.; </subfield>
   <subfield code="c">23cm.</subfield>
  </datafield>
  <datafield tag="650" ind1="0" ind2="0">
   <subfield code="a">Astell, Mary, 1666-1731 </subfield>
  </datafield>
  <datafield tag="650" ind1="0" ind2="0">
   <subfield code="a">Feminists -- </subfield>
   <subfield code="x">Biography -- </subfield>
   <subfield code="z">England </subfield>
  </datafield>
  <datafield tag="650" ind1="0" ind2="0">
   <subfield code="a">Women's rights -- </subfield>
   <subfield code="x">History -- </subfield>
   <subfield code="y">18th century -- </subfield>
   <subfield code="z">England </subfield>
  </datafield>
 </record>
</collection>
